[Event "EU-Cup (Women) 16th"]
[Site "Rogaska Slatina"]
[Date "2011.09.30"]
[Round "6.4"]
[White "Sop, Selen"]
[Black "Di Primio, Eugenia"]
[Result "1-0"]
[WhiteElo "1977"]
[BlackElo "1974"]
[PlyCount "123"]
[EventDate "2011.09.25"]
[EventType "team-swiss"]
[EventRounds "7"]
[EventCountry "SLO"]
[SourceTitle "CBM 144 Extra"]
[Source "ChessBase"]
[SourceDate "2011.10.28"]
[SourceVersion "1"]
[SourceVersionDate "2011.10.28"]
[SourceQuality "1"]
[WhiteTeam "Anatolia (W)"]
[BlackTeam "Chieti Fischer (W)"]
[WhiteTeamCountry "TUR"]
[BlackTeamCountry "ITA"]

1. e4 e5 2. Nf3 Nc6 3. Bb5 Nge7 4. d4 Nxd4 5. Nxd4 exd4 6. Qxd4 a6 7. Ba4 b5 8. Bb3 d6 9. c4 Be6 10. Qd3 b4 11. 0-0 Ng6 12. f4 Be7 13. Nd2 0-0 14. f5 Ne5 15. Qg3 Bd7 16. Nf3 Bf6 17. Bf4 Qe7 18. Rad1 Bc6 19. Nxe5 Bxe5 20. Bxe5 Qxe5 21. Qxe5 dxe5 22. c5 Rad8 23. Bd5 Bb5 24. Rfe1 Rd7 25. c6 Rd6 26. Rc1 Rb8 27. Rc5 Kf8 28. Kf2 Ke7 29. g4 h6 30. h4 Rb6 31. Rec1 Rb8 32. Kf3 Rbd8 33. Rh1 Rh8 34. Rcc1 Rb8 35. Rh2 Rb6 36. Rhc2 Rb8 37. Rc5 Rbd8 38. R5c2 Rb8 39. g5 Rh8 40. Kg4 hxg5 41. hxg5 f6 42. gxf6+ Rxf6 43. Rg2 Rfh6 44. Kf3 Rh3+ 45. Kf2 Rh2 46. Rcg1 Kf6 47. Ke1 Rxg2 48. Rxg2 Rh6 49. Kd2 Bf1 50. Rf2 Bh3 51. Kc2 Bg4 52. Kb3 a5 53. Ka4 Bd1+ 54. Kxa5 b3 55. axb3 Rh3 56. b4 Bb3 57. Bxb3 Rxb3 58. Re2 Rd3 59. b5 Rd8 60. Kb4 Ke7 61. Kc5 Rd1 62. Rg2 1-0

[Event "EU-Cup (Women) 16th"]
[Site "Rogaska Slatina"]
[Date "2011.09.28"]
[Round "4.5"]
[White "Sop, Selen"]
[Black "Ankerst, Milka"]
[Result "1-0"]
[WhiteElo "1977"]
[BlackElo "2084"]
[PlyCount "107"]
[EventDate "2011.09.25"]
[EventType "team-swiss"]
[EventRounds "7"]
[EventCountry "SLO"]
[SourceTitle "CBM 144 Extra"]
[Source "ChessBase"]
[SourceDate "2011.10.28"]
[SourceVersion "1"]
[SourceVersionDate "2011.10.28"]
[SourceQuality "1"]
[WhiteTeam "Anatolia (W)"]
[BlackTeam "Maribor (W)"]
[WhiteTeamCountry "TUR"]
[BlackTeamCountry "SLO"]

1. e4 c5 2. Nf3 Nc6 3. d4 cxd4 4. Nxd4 g6 5. c4 Nf6 6. Nc3 d6 7. Be2 Bg7 8. Be3 Bd7 9. f4 0-0 10. 0-0 Qc8 11. Qd2 Rd8 12. Rac1 Nxd4 13. Bxd4 Bc6 14. Nd5 Re8 15. e5 Ne4 16. Qe3 f5 17. Bxa7 dxe5 18. Nb6 exf4 19. Rxf4 Qc7 20. Nxa8 Rxa8 21. Rff1 Bxb2 22. Rc2 Be5 23. g3 Bf6 24. Bb6 Qe5 25. Qf4 Qe6 26. Qe3 Ba4 27. Rcc1 Qe5 28. Rb1 Bc6 29. Rbd1 Rxa2 30. Rd8+ Kf7 31. Bd4 Bg5 32. Qb3 Qc7 33. Bb6 Qxb6+ 34. Qxb6 Rxe2 35. Rf3 Nd2 36. Rxd2 Rxd2 37. Qb3 Bf6 38. Rd3 Rg2+ 39. Kf1 Rxh2 40. c5+ Kg7 41. Rd8 Be4 42. Rg8+ Kh6 43. g4 Bd4 44. Qg3 Rh1+ 45. Ke2 e5 46. g5+ Kh5 47. Rh8 Rh2+ 48. Qxh2+ Kxg5 49. Rxh7 f4 50. Qh4+ Kf5 51. Rf7+ Ke6 52. Qe7+ Kd5 53. Qxb7+ Ke6 54. Qd7# 1-0